000 01154nac a22003137a 4500
001 BR8102853
003 BR-BrBNA
005 20240105114957.0
008 230509b bl.|||m| |||| 00| 0 por d
040 _aBR-BrBNA
_bpor
_cBiblioteca Nacional de Agricultura
072 _aH20
090 _a0311 BR8102853
110 1 _aDelegacia Federal de Agricultura em Alagoas, Maceio (Brasil)
_93076
245 1 _aIndicacao das principais doencas dos coqueirais de Alagoas [Anel vermelho; Queima da folha; Verrugose; Podridao parda; Cocos nucifera; Brasil]
246 1 _a[Indication of the main diseases of coconut plantations in Alagoas [Red ring; Leaf burn; Verrucosis; Brown rot; Cocos nucifera; Brazil]]
260 3 _aMaceio, AL (Brasil):
_c1981.
300 _a15 p.
490 _aInforme SERDV - Delegacia Federal de Agricultura em Alagoas (Brazil)
_vno. 5
_x
650 _aDoenca de planta
650 _aCoco
650 _aAnel vermelho
650 _aQueima da folha
650 _aVerrugose
650 _aFungo
650 _aPodridao parda
650 _aAlagoas
909 _a202312
_bLúcia Elande
_c55
_dLúcia Elande
942 _2AGRIS
_n0
_cMS
999 _c272359
_d272359